[Event "Let's Play Chess!"]
[Site "http://www.queenalice.com/game.php?id=110946"]
[Date "2006.9.28"]
[Round "-"]
[White "Lublyskaya"]
[Black "colognestar"]
[Result "1-0"]
[WhiteElo "1923"]
[BlackElo "1829"]

1. e4 c5 2. b4 cxb4 3. a3 e5 4. Nf3 bxa3 5. Nxe5 Nf6 6. Bc4 d5 7. exd5 Bd6 8. d4
O-O 9. O-O Nbd7 10. f4 Nb6 11. Nxa3 Nbxd5 12. Nb5 Bb8 13. Ba3 Re8 14. Qd3 a6 15.
Nc3 b5 16. Nxd5 bxc4 17. Nxf6+ Qxf6 18. Qxc4 Be6 19. Qc6 Ba7 20. c3 Red8 21. Bb4
Rab8 22. Ba5 Rb2 23. Bxd8 Qxd8 24. Qxa6 Bd5 25. Rf2 Rxf2 26. Kxf2 1-0

[Event "Let's Play Chess!"]
[Site "http://www.queenalice.com/game.php?id=111097"]
[Date "2006.9.28"]
[Round "-"]
[White "Lublyskaya"]
[Black "tiolee2006"]
[Result "1-0"]
[WhiteElo "2066"]
[BlackElo "1627"]

1. e4 d5 2. e5 d4 3. f4 a6 4. Bc4 Bf5 5. g4 Be4 6. Nf3 e6 7. d3 Bd5 8. Bxd5 Qxd5
9. c4 Qc6 10. Nbd2 Bb4 11. O-O Nd7 12. Nxd4 Qb6 13. Nb3 Nc5 14. Be3 Nxb3 15.
Qxb3 Bc5 16. Qxb6 Bxb6 17. Nc2 Ne7 18. Bxb6 cxb6 19. f5 exf5 20. gxf5 O-O 21. f6
gxf6 22. Rxf6 b5 23. c5 Rac8 24. d4 Kh8 25. Raf1 Ng6 26. Ne3 Rg8 27. Kh1 Rcd8
28. Nf5 Rd7 29. Nd6 Kg7 30. Rxf7+ Rxf7 31. Rxf7+ Kh8 32. Rxb7 Nf4 33. c6 Ne2 34.
Nf7+ Kg7 35. c7 Kg6 36. Rb8 Kxf7 37. Rxg8 Kxg8 38. c8=Q+ Kf7 39. Qf5+ Kg7 40.
Qf6+ Kg8 41. e6 b4 42. e7 a5 43. e8=Q# 1-0

[Event "Challenge"]
[Site "http://www.queenalice.com/game.php?id=111119"]
[Date "2006.9.29"]
[Round "-"]
[White "patrick"]
[Black "Lublyskaya"]
[Result "0-1"]
[WhiteElo "1388"]
[BlackElo "2066"]

1. h4 e5 2. b3 d5 3. Nf3 e4 4. Ne5 Bd6 5. Bb2 f6 6. d4 fxe5 7. dxe5 Bb4+ 8. c3
Bc5 9. b4 Be7 10. e3 Nc6 11. h5 Nxe5 12. c4 Bxb4+ 13. Bc3 Bxc3+ 14. Nxc3 dxc4
15. Nd5 Nf6 16. f4 exf3 17. gxf3 Nxd5 18. e4 Qf6 19. exd5 Nxf3+ 20. Kf2 Nh4+ 21.
Kg3 Qe5+ 22. Kxh4 Qf4+ 23. Qg4 Qxg4# 0-1

[Event "Let's Play Chess!"]
[Site "http://www.queenalice.com/game.php?id=111515"]
[Date "2006.9.30"]
[Round "-"]
[White "Lublyskaya"]
[Black "gutopa"]
[Result "1-0"]
[WhiteElo "1766"]
[BlackElo "1577"]

1. e4 e5 2. f4 exf4 3. Nf3 d6 4. Bc4 h6 5. d4 Bg4 6. Bxf4 g5 7. Bg3 Qe7 8. O-O
Qxe4 9. Re1 Qxe1+ 10. Qxe1+ Be7 11. Qa5 b6 12. Qd5 c6 13. Qxf7+ Kd8 14. Qg7 Bf6
15. Qf8+ Kc7 16. Qxd6+ Kb7 17. Qc7# 1-0

[Event "Let's Play Chess!"]
[Site "http://www.queenalice.com/game.php?id=111537"]
[Date "2006.9.30"]
[Round "-"]
[White "Lublyskaya"]
[Black "Enrico"]
[Result "1-0"]
[WhiteElo "1973"]
[BlackElo "1787"]

1. e4 e5 2. f4 exf4 3. Nf3 d5 4. exd5 Qxd5 5. Nc3 Qe6+ 6. Be2 Nf6 7. O-O Bc5+ 8.
d4 Bb4 9. Bb5+ Kd8 10. Ng5 Qe7 11. Re1 Be6 12. Bxf4 c6 13. Bc4 h6 14. Nxe6+ fxe6
15. a3 Bxc3 16. Rxe6 Qf8 17. Bd6 Qg8 18. bxc3 Qh7 19. Qe2 Re8 20. Rxe8+ Nxe8 21.
Qe7+ 1-0

[Event "Let's Play Chess!"]
[Site "http://www.queenalice.com/game.php?id=111669"]
[Date "2006.9.30"]
[Round "-"]
[White "Lublyskaya"]
[Black "CampbellMarcel"]
[Result "1-0"]
[WhiteElo "1500"]
[BlackElo "1631"]

1. e4 d5 2. e5 c5 3. f4 Bg4 4. Qxg4 e6 5. Nf3 Nc6 6. Bb5 Ne7 7. O-O a6 8. Bxc6+
Nxc6 9. f5 h5 10. Qf4 Qb6 11. fxe6 fxe6 12. Ng5 O-O-O 13. Nxe6 Re8 14. Qf5 Ne7
15. Qf7 Rh6 16. Qxe8+ 1-0

[Event "Let's Play Chess!"]
[Site "http://www.queenalice.com/game.php?id=111841"]
[Date "2006.9.30"]
[Round "-"]
[White "Lublyskaya"]
[Black "Boeing"]
[Result "1-0"]
[WhiteElo "2043"]
[BlackElo "1849"]

1. e4 e5 2. f4 exf4 3. Nf3 Nf6 4. e5 Nd5 5. c4 Nb4 6. d4 g5 7. h4 g4 8. Ng5 h6
9. Ne4 Be7 10. Bxf4 Bxh4+ 11. g3 Be7 12. a3 N4a6 13. Qxg4 d5 14. Qg7 Rf8 15.
Nf6+ Bxf6 16. exf6 Nd7 17. Rxh6 c5 18. Nc3 cxd4 19. O-O-O Qb6 20. Re1+ Kd8 21.
Rh8 Ne5 22. Qxf8+ 1-0

[Event "Let's Play Chess!"]
[Site "http://www.queenalice.com/game.php?id=111906"]
[Date "2006.10.1"]
[Round "-"]
[White "Lublyskaya"]
[Black "Moe"]
[Result "1-0"]
[WhiteElo "2004"]
[BlackElo "1915"]

1. e4 e5 2. f4 d5 3. exd5 exf4 4. Nf3 Bg4 5. Bb5+ Nd7 6. O-O a6 7. Qe1+ Be7 8.
Bxd7+ Qxd7 9. Ne5 Qf5 10. h3 Bxh3 11. gxh3 Qxh3 12. Rxf4 O-O-O 13. Nxf7 Rxd5 14.
Qe3 Qh5 15. Nc3 Bc5 16. d4 Bxd4 17. Rxd4 Qg6+ 18. Ng5 Rf5 19. Nd5 h6 20. Qe6+
Qxe6 21. Nxe6 c6 22. Nb6+ Kb8 23. Rd8+ Ka7 24. Nc8+ 1-0

[Event "Let's Play Chess!"]
[Site "http://www.queenalice.com/game.php?id=118596"]
[Date "2006.10.19"]
[Round "-"]
[White "Lublyskaya"]
[Black "eliasdiniz"]
[Result "1-0"]
[WhiteElo "2066"]
[BlackElo "1884"]

1. e4 e6 2. d4 d5 3. c4 dxe4 4. Nc3 Nf6 5. f3 exf3 6. Nxf3 Bb4 7. Bd3 Nbd7 8.
O-O O-O 9. a3 Bxc3 10. bxc3 Nb6 11. Ne5 h6 12. Qf3 Nbd7 13. Qg3 Kh8 14. Bg5 hxg5
15. Qh3+ Kg8 16. Nxd7 Bxd7 17. Rxf6 g6 18. Bxg6 fxg6 19. Rxg6+ Kf7 20. Qh7+ 1-0

[Event "Let's Play Chess!"]
[Site "http://www.queenalice.com/game.php?id=119163"]
[Date "2006.10.20"]
[Round "-"]
[White "Lublyskaya"]
[Black "vlad"]
[Result "1-0"]
[WhiteElo "2183"]
[BlackElo "2308"]

1. e4 c5 2. b4 cxb4 3. a3 bxa3 4. Nxa3 Nc6 5. d4 Nf6 6. e5 Nd5 7. Nf3 d6 8. Bb5
g6 9. c4 Nc7 10. exd6 Qxd6 11. d5 Bg7 12. dxc6 Qxd1+ 13. Kxd1 O-O 14. cxb7 Bxb7
15. Rb1 Be4 16. Rb3 Nxb5 17. Nxb5 Rfd8+ 18. Ke2 Rac8 19. Na3 a5 20. Rd1 a4 21.
Rxd8+ Rxd8 22. Rb6 Bc3 23. Ra6 Bd3+ 24. Ke3 Bf1 25. Kf4 Bb4 26. Nb5 Rc8 27. Kg3
Rxc4 28. Bh6 f6 29. Ra8+ Kf7 30. Rxa4 Bd3 31. Be3 g5 32. Bxg5 h5 33. h3 h4+ 34.
Bxh4 Re4 35. Rxb4 Rxb4 36. Nc3 Rb3 37. Nd5 Be2 38. Ne3 Rb4 39. Nh2 Ba6 40. Nhg4
Ke6 41. Nh6 Bd3 42. f4 Be2 43. Nhg4 Bd3 44. Kf3 Be4+ 45. Kf2 Kf7 46. Ke2 Rb2+
47. Ke1 Bd3 48. Kd1 Be2+ 49. Kc1 Ra2 50. Nf2 Ra4 51. Bg3 Ra3 52. Bh2 Rxe3 53.
Kd2 Ra3 54. Kxe2 Ra2+ 55. Ke1 Ra1+ 56. Nd1 Ke6 57. Ke2 Kf5 58. g4+ Ke4 59. Nf2+
Kd5 60. h4 Ra2+ 61. Kf1 Ke6 62. f5+ Kf7 63. Bf4 e6 64. fxe6+ Kxe6 65. h5 Ra4 66.
Be3 Kf7 67. Ke2 Ke6 68. Kf3 Ra3 69. Ke4 Kf7 70. Bd4 Ra6 71. Kd3 Kf8 72. Ne4 f5
73. gxf5 Rh6 74. Ng3 Ra6 75. Ke4 Kf7 76. f6 Ra4 77. Nf5 1-0

[Event "Let's Play Chess!"]
[Site "http://www.queenalice.com/game.php?id=119301"]
[Date "2006.10.22"]
[Round "-"]
[White "Lublyskaya"]
[Black "vlad"]
[Result "1/2-1/2"]
[WhiteElo "2167"]
[BlackElo "2251"]

1. e4 c5 2. b4 cxb4 3. a3 d5 4. exd5 Qxd5 5. Nf3 e5 6. axb4 Bxb4 7. c3 Bd6 8.
Na3 Ne7 9. Bc4 Qe4+ 10. Be2 Nbc6 11. Nb5 Bb8 12. d4 exd4 13. Nbxd4 O-O 14. O-O
Nxd4 15. cxd4 Bd6 16. Re1 Bf5 17. Bg5 Ng6 18. Bc4 Qc6 19. Qb3 a5 20. Rec1 a4 21.
Bxf7+ Kh8 22. Qe3 Qa6 23. Bd5 Rae8 24. Qc3 h6 25. Be3 Nf4 26. Bxf4 Bxf4 27. Re1
Rxe1+ 28. Rxe1 Rc8 29. Nh4 g5 30. Qb4 gxh4 31. Bxb7 Qc4 32. Qe7 Kg8 33. Bxc8
Qxc8 34. Qxh4 Bg5 35. Qg3 Kf7 1/2-1/2

[Event "Challenge"]
[Site "http://www.queenalice.com/game.php?id=119523"]
[Date "2006.10.21"]
[Round "-"]
[White "Lublyskaya"]
[Black "Alsina"]
[Result "1/2-1/2"]
[WhiteElo "2172"]
[BlackElo "2371"]

1. e4 e5 2. f4 exf4 3. Nf3 d5 4. exd5 Nf6 5. Bc4 Nxd5 6. O-O Be7 7. d4 Be6 8.
Bxd5 Qxd5 9. Nc3 Qd6 10. Qe2 O-O 11. d5 Bf5 12. Bxf4 Qxf4 13. Qxe7 Na6 14. Rf2
Rae8 15. Qh4 Qxh4 16. Nxh4 Bd7 17. Raf1 g6 18. Nf3 Nc5 19. Ng5 f5 20. Rf4 h6 21.
Rc4 hxg5 22. Rxc5 c6 23. Rd1 Kf7 24. Ra5 a6 25. d6 Rh8 26. h3 f4 27. Ra4 1/2-1/2

[Event "Challenge"]
[Site "http://www.queenalice.com/game.php?id=119709"]
[Date "2006.10.21"]
[Round "-"]
[White "ENDHER"]
[Black "Lublyskaya"]
[Result "0-1"]
[WhiteElo "2149"]
[BlackElo "2083"]

1. e4 e5 2. Nf3 f5 3. Bb5 fxe4 4. Nxe5 Qg5 5. d4 Qxg2 6. Rf1 c6 7. Bc4 d5 8. Be2
Nd7 9. Bf4 Nxe5 10. Bxe5 Nf6 11. Bh5+ Kd8 12. Nd2 Be7 13. Bg3 Qh3 14. Be2 Ng4
15. Nb3 Bg5 16. Rg1 Rf8 17. Bf1 Qh6 18. Rg2 Bh4 19. Bxh4+ Qxh4 20. Qd2 e3 21.
Qb4 exf2+ 22. Kd2 Rf3 23. Kc1 Qh6+ 24. Kb1 Ne3 25. Nd2 Rf7 26. Rg3 Nxf1 27. Nxf1
Bh3 28. b3 Bxf1 29. Kb2 Bb5 30. c4 f1=Q 31. Rxf1 Rxf1 32. Rc3 Qd2+ 33. Ka3 Ke8
34. cxb5 Ra1 0-1

[Event "Challenge"]
[Site "http://www.queenalice.com/game.php?id=119710"]
[Date "2006.10.21"]
[Round "-"]
[White "Lublyskaya"]
[Black "ENDHER"]
[Result "1-0"]
[WhiteElo "2116"]
[BlackElo "2149"]

1. e4 e5 2. f4 exf4 3. Nf3 d6 4. d4 g5 5. h4 g4 6. Ng1 Bh6 7. Nc3 c6 8. Nge2 Qf6
9. g3 f3 10. Nf4 Nd7 11. Be3 Nf8 12. Qd2 Ne6 13. O-O-O Nxf4 14. gxf4 Ne7 15. e5
Qe6 16. d5 Nxd5 17. Bc4 g3 18. Nxd5 cxd5 19. Bxd5 Qg4 20. f5 Bf8 21. exd6 Qxf5
22. Rhe1 Be6 23. d7+ Kd8 24. Qa5+ b6 25. Bxb6+ Ke7 26. d8=B+ 1-0

[Event "Let's Play Chess!"]
[Site "http://www.queenalice.com/game.php?id=122865"]
[Date "2006.10.29"]
[Round "-"]
[White "Lublyskaya"]
[Black "neijrodrigues"]
[Result "1-0"]
[WhiteElo "2145"]
[BlackElo "2099"]

1. e4 c5 2. b4 cxb4 3. a3 Nc6 4. axb4 Nxb4 5. c3 Nc6 6. d4 d5 7. exd5 Qxd5 8.
Na3 Bf5 9. Nb5 Rc8 10. Nxa7 Nxa7 11. Rxa7 Rxc3 12. Qa4+ Kd8 13. Bd2 Qe4+ 14. Be2
Qb1+ 15. Bd1 Rc7 16. Nf3 Qe4+ 17. Kf1 Qd3+ 18. Kg1 Qb1 19. Ne5 e6 20. Bg5+ f6
21. Ra8+ 1-0

[Event "Let's Play Chess!"]
[Site "http://www.queenalice.com/game.php?id=138211"]
[Date "2006.12.7"]
[Round "-"]
[White "Lublyskaya"]
[Black "Trefor"]
[Result "0-1"]
[WhiteElo "2119"]
[BlackElo "2139"]

1. e4 d6 2. d4 Nf6 3. Nc3 e5 4. Nge2 c6 5. Ng3 Nbd7 6. Be2 Be7 7. O-O O-O 8. Nf5
exd4 9. Qxd4 Nb6 10. Nxe7+ Qxe7 11. Bg5 Qe5 12. Bxf6 gxf6 13. a4 Qxd4 0-1

[Event "Let's Play Chess!"]
[Site "http://www.queenalice.com/game.php?id=138547"]
[Date "2006.12.8"]
[Round "-"]
[White "Lublyskaya"]
[Black "smagoo"]
[Result "0-1"]
[WhiteElo "2158"]
[BlackElo "2185"]

1. e4 c6 2. d4 d5 3. e5 Bf5 4. h4 h6 5. g4 Be4 6. f3 Bh7 7. e6 fxe6 8. Bd3 Bxd3
9. Qxd3 Qd6 10. f4 Nd7 11. Nf3 c5 12. dxc5 Qxc5 13. Be3 Qc4 14. Qg6+ Kd8 15. Nc3
Ngf6 16. O-O-O Qa6 0-1